Open Data Biblioteca Nacional de Portugal


República Portuguesa: Ministério da Cultura
Biblioteca Nacional de Portugal

Catálogo da BNP: acesso por Identificadores Unívocos
Registos Bibliográficos associados ao registo de autoridade

Etiqueta de registo: 00254nam 2200025 450
001 2250168
003 http://id.bnportugal.gov.pt/bib/catbnp/2250168
010 ## $a978-989-33-8177-9
021 ## $aPT$b553047/25
100 ## $a20260119d2025 m y0pory01030103ba
101 0# $apor$aeng
102 ## $aPT
105 ## $aa z 000yy
106 ## $ar
200 1# $aTwo point zero$fJoãozero$gpref. Pedro Adão e Silva$gtextos separadores João Marques Teixeira $gposf. Yadira de Armas Rodriguez
205 ## $a1ª ed$d1st ed
210 #9 $aÍlhavo,$cJoãozero,$d2025
215 ## $a212, [8] p.$cil.$d22 cm
305 ## $aEdição bilingue em português e inglês
675 ## $a77Joãozero$vBN$zpor$31989898
675 ## $a77.04(=1:469)"19/20"$vBN$zpor$31507443
700 #0 $aJoãozero,$cpseud.$31979375
702 #1 $aArmas Rodriguez,$bYadiea de$4075$31979383
702 #1 $aMarques,$bJoão Marques$4205$31979382
702 #1 $aSilva,$bPedro Adão e,$f1974-$4080$31443586
801 #0 $aPT$bBN$gRPC
856 41 $uhttp://rnod.bnportugal.gov.pt/ImagesBN/winlibimg.aspx?skey=&doc=2250168&img=220076&save=true
900 ## $aBIBNAC$d20260326
966 ## $lBN$mFGMON$sB.A. 53344 V.$x1
966 ## $lBN$mFGMON$sB.A. 53344 V.-D$x1
971 ## $cisantos$d20260119
973 ## $ctrodrigues$d20260309
975 ## $e0$d20260326$viquintas

OpendataBNP@bnportugal.pt | Mais informação sobre acesso aos dados BNP